guess the players from numbers - Statistics

General Stats
  • This quiz has been taken 11 times
  • The average score is 14 of 16
Answer Stats
Hint Answer % Correct
rams 99 donald
100%
dolphins 10 hill
100%
ravens 8 jackson
100%
eagles 62 kelce
100%
chiefs 87 kelce
100%
chiefs 15 mahomes
100%
dolphins 17 waddle
100%
broncos 3 wilson
100%
eagles 1 hurts
88%
steelers 8 pickett
88%
texans 7 stroud
88%
panthers 9 young
88%
chargers 30 ekeler
75%
cowboys 20 pollard
75%
dolphins 30 mostert
63%
saints 32 mathieu
50%
No matching quizzes found
Score Distribution
Percent of People with Each Score
Percentile by Number Answered
Your Score History
You have not taken this quiz